[Event "FRA-chT2 West 0607"]
[Site "France"]
[Date "2006.11.25"]
[Round "2.8"]
[White "Legrand, Heloise"]
[Black "Chollat Namy, Matthieu"]
[Result "1/2-1/2"]
[WhiteElo "2068"]
[BlackElo "1869"]
[PlyCount "89"]
[EventDate "2006.10.15"]
[EventType "team-tourn"]
[EventRounds "11"]
[EventCountry "FRA"]
[SourceTitle "EXT 2008"]
[Source "ChessBase"]
[SourceDate "2007.11.25"]
[SourceVersion "1"]
[SourceVersionDate "2007.11.25"]
[SourceQuality "1"]
[WhiteTeam "Tours"]
[BlackTeam "JEEN"]
[WhiteTeamCountry "FRA"]
[BlackTeamCountry "FRA"]

1. e4 d5 2. exd5 Qxd5 3. Nc3 Qd8 4. Bc4 Nf6 5. d3 e6 6. Nf3 h6 7. Bf4 Bd6 8. Qd2 a6 9. a4 Bxf4 10. Qxf4 0-0 11. 0-0 Nc6 12. Rad1 Qe7 13. Bb3 e5 14. Qe3 Bg4 15. Ne2 Rad8 16. c3 e4 17. dxe4 Qxe4 18. h3 Bxf3 19. Qxf3 Qxf3 20. gxf3 Ne5 21. Kg2 Nd3 22. Nd4 Nf4+ 23. Kh2 Rfe8 24. Bc4 Re5 25. Nc6 Rxd1 26. Nxe5 Rxf1 27. Bxf1 N6d5 28. Bc4 c6 29. Nd7 Ne6 30. Kg3 g5 31. Bxd5 cxd5 32. Nf6+ Kg7 33. Nxd5 Kg6 34. b4 h5 35. f4 f6 36. fxg5 fxg5 37. f4 Kf5 38. fxg5 Kxg5 39. b5 axb5 40. axb5 Nc5 41. h4+ Kf5 42. Kf3 Ne6 43. Ne7+ Ke5 44. Ng6+ Kf5 45. Ne7+ 1/2-1/2